000 00412nam a2200145Ia 4500
008 090124s9999 xx 000 0 und d
082 _b201809
245 _a मायेचा बाजार
250 _a4
260 _bआपटे हरी नारायण
_c1965
300 _a416
630 _a मायेचा बाजार
730 _a मायेचा बाजार
942 _cBOOK
999 _c183390
_d183390